01227 a2200181 45000010003000000050017000030080041000200030015000610400040000760800104001162450056002200200022002762640049002983000019003475050523003661000021008898560135009104520260407155405.0260407a2007 arg spa dAR-UNSa-BCEJYS aAR-UNSa-BCEJYSbspacAR-UNSa-BCEJYS a351.72xFinanzas públicas. Legislación (Contabilidad Pública, Administración financiera...)10aEstudio de la administración financiera pública a978-987-1246-52-6 1aBuenos Aires :bEdiciones Cooperativasc2007 a373 p.c20 cm. a1. Ciencia y técnica de AF. Sistemas componentes de AF - 2. Estado, Gobierno, SP y Administración Pública. Hacienda pública. Gestión de la AF - 3. Sistemas de inversiones - 4. Organización del SP - 5. Sistema de presupuesto - 6. Presupuesto. Gestión del ejercicio fiscal. Resultados - 7. Reglas macrofiscales en el ciclo presupuestario - 8. Sistema de crédito público - 9. Sistema de tesorería - 10. Sistemas de contabilidad gubernamental SCG - 11. Sistemas de control.Régimen de responsabilidad 1 aLe Pera, Alfredo41uhttps://biblioeco.unsa.edu.ar/pmb/images/libros/Estudio de la Administracion Financiera Publica.jpgyImagen de portadaqimage/jpeg